| 000 | 00447nam a2200145Ia 4500 | ||
|---|---|---|---|
| 008 | 231129s2000||||xx |||||||||||||| ||spa|| | ||
| 020 | _a84-270-2454-1 | ||
| 040 | _bspa | ||
| 082 | _a322.5 A872c | ||
| 100 | _aAtienza Juan G | ||
| 245 | 0 | _aCaballeros teutónicos: crónica de los cruzados del hielo | |
| 260 | _c2000 | ||
| 264 | _aEdiciones Martínez Roca ; Bogotá: Planeta Colombiana | ||
| 942 |
_2ddc _cBKS |
||
| 999 |
_c6402 _d6402 |
||